000 00259nam a2200121 i 4500
001 bg
245 0 _aKleine Enzyklopädie Mathematik.
260 _aLipsk,
_c1967.
040 _cBPK
041 _apol
942 _cKS
008 s pl f |000 0 pol
999 _c7846
_d7846
856 _uhttp://koha.tu.koszalin.pl/cgi-bin/koha/opac-detail.pl?biblionumber=7846
_yKatalog online BPK